Standard handbook of consulting engineering practice : starting, staffing, expanding, and prospering in your own consulting business /

Bibliographic Details
Main Author: Hicks, Tyler Gregory, 1921-
Other Authors: Mueller, Jerome F.
Format: Book
Language:English
Published: New York : McGraw-Hill, [1996]
Edition:2nd ed.
Subjects:

MARC

Tag First Indicator Second Indicator Subfields
LEADER 00000cam a2200000 a 4500
001 in00001304321
005 20151005071435.0
008 960122s1996 nyua bf 001 0 eng
010 |a  96000184  
020 |a 0070287821 
035 |a (OCoLC)34115153 
035 |9 AHC3613AM 
040 |a DLC  |c DLC  |d UtOrBLW 
049 |a TXAM 
050 0 0 |a TA216  |b .H53 1996 
082 0 0 |a 620  |2 20 
100 1 |a Hicks, Tyler Gregory,  |d 1921- 
245 1 0 |a Standard handbook of consulting engineering practice :  |b starting, staffing, expanding, and prospering in your own consulting business /  |c Tyler G. Hicks, Jerome F. Mueller. 
250 |a 2nd ed. 
264 1 |a New York :  |b McGraw-Hill,  |c [1996] 
264 4 |c ©1996 
300 |a 1 volume (various pagings) :  |b illustrations ;  |c 24 cm. 
336 |a text  |b txt  |2 rdacontent 
337 |a unmediated  |b n  |2 rdamedia 
338 |a volume  |b nc  |2 rdacarrier 
504 |a Includes bibliographical references and index. 
650 0 |a Consulting engineers  |x Handbooks, manuals, etc. 
650 0 |a Engineering firms  |x Management  |x Handbooks, manuals, etc. 
700 1 |a Mueller, Jerome F. 
999 |a MARS 
999 f f |s 880137d6-b1c0-3ec8-a1b6-cb23645d77f2  |i ac8950e2-3360-3d84-a04c-c385b47e89a7  |t 0 
952 f f |p ric  |a Texas A&M University  |b Rellis Campus  |c Joint Library Facility  |d Remote Storage  |t 0  |e TA216 .H53 1996  |h Library of Congress classification  |i unmediated -- volume  |m A14820440007 
998 f f |a TA216 .H53 1996  |t 0  |l Remote Storage